Normal view
MARC view
- Knowlson, T.Sharper
Entry Personal Name
001 - CONTROL NUMBER
- control field: 104174
003 - CONTROL NUMBER IDENTIFIER
- control field: NUST
005 - DATE AND TIME OF LATEST TRANSACTION
- control field: 20221205183555.0
008 - FIXED-LENGTH DATA ELEMENTS
- fixed length control field: 221205|| aca||aabn | a|a d
040 ## - CATALOGING SOURCE
- Original cataloging agency: NUST
- Transcribing agency: NUST
100 ## - HEADING--PERSONAL NAME
- Personal name: Knowlson, T.Sharper
670 ## - SOURCE DATA FOUND
- Source citation: Work cat.: (NUST)193782: Knowlson, T.Sharper , Creating new Ideas /, 1938
